Welcome to the Holygrace Academy Library

Please use search bar below to get started

LIVING WITH HONOUR (Record no. 5306)

MARC details
000 -LEADER
fixed length control field 00290nam a22001337a 4500
020 ## - INTERNATIONAL STANDARD BOOK NUMBER
ISBN 1403-91102-9
082 ## - DEWEY DECIMAL CLASSIFICATION NUMBER
Classification number 158
Item number KHE/L
100 ## - MAIN ENTRY--AUTHOR NAME
Personal name KHERA,SHIV
245 ## - TITLE STATEMENT
Title LIVING WITH HONOUR
260 ## - PUBLICATION, DISTRIBUTION, ETC. (IMPRINT)
Place of publication INDIA
Name of publisher MACMILLAN
300 ## - PHYSICAL DESCRIPTION
Number of Pages 202
650 ## - SUBJECT ADDED ENTRY--TOPICAL TERM
Topical Term PERSONALITY DEVELOPMENT
Geographic subdivision INDIA
942 ## - ADDED ENTRY ELEMENTS (KOHA)
Koha item type Books
Holdings
Withdrawn status Lost status Collection code Home library Current library Shelving location Date acquired Source of acquisition Full call number Accession Number Koha item type
    Reference Main Library Main Library SHELF-17H-PERSONALITY DEVELOPMENT BOOKS 15/06/2009 PURCHASE 158 KHE/L 04558 Books